[Event "Challenge"]
[Site "http://www.queenalice.com/game.php?id=1872312"]
[Date "2026.4.23"]
[Round "-"]
[White "marcoswerneck"]
[Black "jogo"]
[Result "1-0"]
[WhiteElo "1867"]
[BlackElo "1412"]

1. e4 c5 2. d3 e6 3. Nf3 d5 4. e5 h6 5. c3 Nc6 6. d4 cxd4 7. cxd4 Bb4+ 8. Bd2
Bxd2+ 9. Qxd2 Nge7 10. a3 a5 11. Be2 O-O 12. Nc3 1-0

[Event "AUTO-ADV-4934"]
[Site "http://www.queenalice.com/game.php?id=1872870"]
[Date "2026.5.3"]
[Round "1"]
[White "SGF"]
[Black "marcoswerneck"]
[Result "1-0"]
[WhiteElo "1705"]
[BlackElo "1827"]

1. e4 e5 2. Qf3 Nf6 3. d3 d6 4. Be2 Nc6 5. c3 Be6 6. Qg3 g6 7. h4 h5 8. Bg5 Be7
9. b4 a6 10. a4 Qd7 11. a5 O-O-O 12. Bxf6 Bxf6 13. Nd2 Be7 14. Nc4 Kb8 15. O-O-O
Bxc4 16. dxc4 Rhg8 17. b5 Nxa5 18. Kb2 Qe6 19. bxa6 b6 20. Nf3 Nxc4+ 21. Bxc4
Qxc4 22. Ra1 Ka7 23. Ng5 Bxg5 24. Qxg5 Qxe4 25. Kb3 b5 26. Rhe1 Qc4+ 27. Kc2 e4
28. Qe3+ c5 29. Qg5 b4 30. Qe7+ 1-0

[Event "AUTO-ADV-4934"]
[Site "http://www.queenalice.com/game.php?id=1872871"]
[Date "2026.5.3"]
[Round "1"]
[White "marcoswerneck"]
[Black "SGF"]
[Result "0-1"]
[WhiteElo "1853"]
[BlackElo "1709"]

1. e4 e5 2. d3 Qf6 3. Nf3 d6 4. Nc3 c6 5. Be3 b5 6. b4 Be7 7. Be2 Qg6 8. Rg1 h5
9. Qd2 a5 10. Nd1 axb4 11. Qxb4 Bd8 12. d4 Qxe4 13. Qxd6 Qxc2 14. Qxe5+ Be6 15.
d5 cxd5 16. Bxb5+ Nd7 17. Nd4 Ba5+ 18. Kf1 Qc5 19. Nxe6 Qxb5# 0-1

[Event "AUTO-ADV-4934"]
[Site "http://www.queenalice.com/game.php?id=1872878"]
[Date "2026.5.3"]
[Round "1"]
[White "Capixabba789"]
[Black "marcoswerneck"]
[Result "1-0"]
[WhiteElo "1872"]
[BlackElo "1869"]

1. d4 d5 2. Nc3 e6 3. f4 a6 4. Nf3 h6 5. e3 Nf6 6. Bd3 Bd6 7. O-O g5 8. Ne5 Qe7
9. Ne2 g4 10. Nc3 h5 11. e4 Nxe4 12. Nxe4 dxe4 13. Bxe4 Bxe5 14. fxe5 Qb4 15.
Bg5 Bd7 16. Bf6 Rf8 17. Kh1 Bb5 18. c3 Qxb2 19. Rb1 Qxc3 20. Bxb7 Bxf1 21. Bxa8
Bd3 22. Rxb8+ Kd7 23. Rxf8 g3 24. Rd8# 1-0

[Event "AUTO-ADV-4934"]
[Site "http://www.queenalice.com/game.php?id=1872879"]
[Date "2026.5.3"]
[Round "1"]
[White "marcoswerneck"]
[Black "Capixabba789"]
[Result "1-0"]
[WhiteElo "1800"]
[BlackElo "1845"]

1. e4 e5 2. d3 Nf6 3. a3 Bc5 4. h3 d5 5. Be2 Qe7 6. Nf3 d4 7. O-O Nc6 8. Bd2 Be6
9. b4 Bd6 10. c4 Qd8 11. b5 Ne7 12. Bg5 Ng6 13. Bxf6 Qxf6 14. Nbd2 O-O 15. Qc1
a6 16. c5 Be7 17. c6 b6 18. a4 a5 19. Nh2 Bb4 20. Bg4 Bxg4 21. Nxg4 Qf4 22. Nf3
Bc3 23. Qxf4 exf4 24. Rac1 Rfe8 25. h4 h5 26. Ngh2 Ne5 27. Nxe5 Rxe5 28. Nf3 Re7
29. e5 Rae8 30. Rc2 Re6 31. Re2 f6 32. g3 fxg3 33. fxg3 fxe5 34. Kg2 g6 35. Ng5
R6e7 36. Ne4 Bb4 37. Nf6+ Kg7 38. Nxe8+ Rxe8 39. Kh3 Re7 40. Rg1 Rf7 41. Kg2 Bd6
42. Rf1 Rxf1 43. Kxf1 Kf6 44. Rf2+ Ke6 45. Rg2 Kd5 46. g4 hxg4 47. Rxg4 Be7 48.
Ke2 Kc5 49. Rxg6 Bxh4 50. Rg8 Kb4 51. Rc8 Kxa4 52. Rxc7 Kxb5 53. Rc8 Bd8 54. c7
Bxc7 55. Rxc7 Kb4 56. Kf3 b5 57. Ke4 a4 58. Kxe5 a3 59. Ra7 Kb3 60. Kxd4 a2 61.
Ra5 b4 62. Kc5 Kc3 63. Rxa2 b3 64. Ra3 Kc2 65. Rxb3 Kxb3 66. d4 1-0